Systema agriculturae (Record no. 113647)

MARC details
000 -LEADER
fixed length control field 01791cam a22002175a 4500
001 - CONTROL NUMBER
control field L155542
008 - FIXED-LENGTH DATA ELEMENTS--GENERAL INFORMATION
fixed length control field 120327s1675 xxk f 000 0 eng d
035 ## - SYSTEM CONTROL NUMBER
System control number (Sirsi) u155542
041 0# - LANGUAGE CODE
Language code of text/sound track or separate title eng
100 1# - MAIN ENTRY--PERSONAL NAME
Personal name Worlidge, John
Dates associated with a name fl. 1660-1698
240 ## - UNIFORM TITLE
Uniform title Systema agriculturae
Name of part/section of a work Part 1
245 00 - TITLE STATEMENT
Title Systema agriculturae
Remainder of title the mystery of husbandry discovered: treating of the several new and most advantagious ways of tilling, planting, sowing, manuring, ordering, improving of all sorts of gardens, orchards, meadows, pastures, corn-lands, woods & coppices. As also of fruits, corn, grain, pulse, new-hays, cattle, fowl, beasts, bees, silk-worms, &c. With an account of the several instruments and engines used in this profession. To which is added kalendarium rusticum: or, the husbandmans monthly directions. Also the prognosticks of dearth, scarcity, plenty, sickness, heat, cold, frost, snow, winds, rain, hail, thunder, &c. And dictionarium rusticum: or, the interpretation of rustick terms. The whole work being of great use and advantage to all that delight in that most noble practice. The second edition, carefully corrected and amended; with many large and useful additions throughout the whole work: by the author. Published for the common good: by J.W. Gent.
260 ## - PUBLICATION, DISTRIBUTION, ETC.
Place of publication, distribution, etc. London
Name of publisher, distributor, etc. printed by J[ames]. C[ottrell]. for T. Dring; and are to be sold by Charles Smith and Tho. Burrell, at the Angel neer the Inner-Temple-gate, and the Golden Ball under St. Dunstans Church in Fleet-street
Date of publication, distribution, etc. 1675.
300 ## - PHYSICAL DESCRIPTION
Extent [36], 324, [4] p.
Other physical details ill.
Dimensions 2o
520 ## - SUMMARY, ETC.
Summary, etc. J.W. = John Worlidge.
583 ## - ACTION NOTE
Action Condition reviewed
Time/date of action 20120620
Status condition level 2
651 #4 - SUBJECT ADDED ENTRY--GEOGRAPHIC NAME
Geographic name Great Britain
Chronological subdivision 1707-
690 ## - LOCAL SUBJECT ADDED ENTRY--TOPICAL TERM (OCLC, RLIN)
Topical term or geographic name as entry element Rural
9 (RLIN) 6268
700 1# - ADDED ENTRY--PERSONAL NAME
Personal name Hove, Frederick Henderick van
Dates associated with a name 1628?-1698
Relator term engraver
942 ## - ADDED ENTRY ELEMENTS (KOHA)
Suppress in OPAC 0
Holdings
Withdrawn status Lost status Damaged status Not for loan Home library Current library Shelving location Date acquired Total Checkouts Full call number Barcode Date last seen Copy number Price effective from Koha item type
        Historic collection Historic collection Historic collection 27/03/2012   AGRICULTURE OCTAVO 1675 WORLIDGE 30076785 20/08/2025 1 06/08/2019 Book